[Event "56th World U20 ch"]
[Site "Tarvisio ITA"]
[Date "2017.11.22"]
[Round "9.7"]
[White "Kantor, Gergely"]
[Black "Oparin, Grigory"]
[Result "1/2-1/2"]
[WhiteElo "2514"]
[BlackElo "2606"]
[EventDate "2017.11.13"]
[PlyCount "60"]

1.d4 d6 2.e4 Nf6 3.f3 e5 4.dxe5 dxe5 5.Qxd8+ Kxd8 6.Bc4 Ke8 7.Be3 Nc6 8.a4
Bd6 9.Ne2 a6 10.Kf2 Ke7 11.Rd1 Bd7 12.Nbc3 Nb4 13.Rd2 Rhd8 14.Nc1 Be6 15.
Bxe6 Kxe6 16.Nd3 Nxd3+ 17.Rxd3 Bb4 18.Rxd8 Rxd8 19.Rd1 Rxd1 20.Nxd1 b5 21.
axb5 axb5 22.Ke2 Nd7 23.Nf2 Bc5 24.Bxc5 Nxc5 25.Nd3 Nxd3 26.Kxd3 Kd6 27.b4
f6 28.c4 c6 29.cxb5 cxb5 30.Ke3 Ke6 1/2-1/2

[Event "56th World U20 ch"]
[Site "Tarvisio ITA"]
[Date "2017.11.22"]
[Round "9.8"]
[White "Svane, Rasmus"]
[Black "Triapishko, Alexander"]
[Result "1/2-1/2"]
[WhiteElo "2587"]
[BlackElo "2508"]
[EventDate "2017.11.13"]
[PlyCount "137"]

1.Nf3 d5 2.d4 c6 3.c4 e6 4.e3 Bd6 5.b3 f5 6.Bd3 Nf6 7.O-O Qe7 8.Bb2 b6 9.
Nc3 O-O 10.Rc1 g6 11.Ne2 Bb7 12.Nf4 Re8 13.Ne5 Nfd7 14.Qe2 Ba3 15.Bxa3 
Qxa3 16.Nxd7 Nxd7 17.h4 Nf6 18.Rc2 a5 19.Rfc1 Ra7 20.Qf3 Qd6 21.Qg3 Kf7 
22.c5 bxc5 23.Rxc5 Nd7 24.R5c2 e5 25.dxe5 Nxe5 26.Be2 Ba8 27.Nd3 a4 28.Nc5
axb3 29.axb3 Qe7 30.Qf4 Nd7 31.Qd4 Qe5 32.Ne6 Qxd4 33.Nxd4 Rb8 34.Rxc6 
Bxc6 35.Nxc6 Rc8 36.Ne5+ Nxe5 37.Rxc8 Ra1+ 38.Bf1 Rb1 39.Rc7+ Ke6 40.Rxh7 
Rxb3 41.h5 gxh5 42.Rh6+ Ke7 43.Rxh5 Kf6 44.Rh6+ Ke7 45.Rh7+ Ke6 46.Rh6+ 
Ke7 47.Ra6 Rb1 48.Ra2 Rd1 49.f3 d4 50.exd4 Rxd4 51.Kf2 Kf6 52.Ra6+ Kg5 53.
Ra5 Kf6 54.Ra6+ Kg5 55.Re6 Nd3+ 56.Ke3 Nf4 57.Re8 Ra4 58.Rg8+ Kf6 59.Rf8+ 
Kg5 60.Rg8+ Kf6 61.Rd8 Ke5 62.Rd2 Nh5 63.Kf2 f4 64.Re2+ Kf6 65.Re1 Ng3 66.
Bd3 Ra3 67.Be4 Ra2+ 68.Kg1 Re2 69.Rxe2 1/2-1/2

[Event "56th World U20 ch"]
[Site "Tarvisio ITA"]
[Date "2017.11.22"]
[Round "9.9"]
[White "Aravindh, Chithambaram"]
[Black "Dragnev, Valentin"]
[Result "1-0"]
[WhiteElo "2572"]
[BlackElo "2461"]
[EventDate "2017.11.13"]
[PlyCount "70"]

1.e4 e5 2.Nf3 Nc6 3.Bb5 a6 4.Ba4 Nf6 5.O-O Be7 6.Re1 b5 7.Bb3 O-O 8.h3 Bb7
9.d3 d5 10.exd5 Nxd5 11.Nbd2 Qd7 12.Nf1 Bc5 13.Ng3 Rfe8 14.c3 Rad8 15.Ng5 
Bf8 16.Qh5 h6 17.N5e4 Re6 18.Nf5 Na5 19.Bc2 c5 20.Bd2 Nf6 21.Nxf6+ Rxf6 
22.Ne3 Qc6 23.f3 g6 24.Qh4 h5 25.b4 cxb4 26.cxb4 Rd4 27.Qg5 Bxb4 28.Bxb4 
Rxb4 29.Nd5 Qc5+ 30.Kh2 Bxd5 31.Qxf6 Nc6 32.Bb3 Rf4 33.Qg5 Kg7 34.Rxe5 
Nxe5 35.Qxe5+ Rf6 1-0

[Event "56th World U20 ch"]
[Site "Tarvisio ITA"]
[Date "2017.11.22"]
[Round "9.11"]
[White "Kevlishvili, Robby"]
[Black "Vaibhav, Suri"]
[Result "1/2-1/2"]
[WhiteElo "2445"]
[BlackElo "2560"]
[EventDate "2017.11.13"]
[PlyCount "60"]

1.e4 e6 2.d4 d5 3.Nc3 Bb4 4.exd5 exd5 5.Bd3 Nc6 6.Ne2 Nge7 7.O-O a6 8.Bf4 
O-O 9.Qd2 Bf5 10.Rad1 Qd7 11.a3 Bxc3 12.Qxc3 Rae8 13.Nc1 Bxd3 14.Nxd3 b6 
15.Ne5 Nxe5 16.dxe5 c5 17.Rfe1 d4 18.Qc4 Qb5 19.Qa2 Qc6 20.c3 Nf5 21.Qb1 
Qe6 22.h3 Rd8 23.Qe4 Rfe8 24.g4 Nd6 25.Qc2 Nc4 26.cxd4 cxd4 27.Re4 f6 28.
Rexd4 Rxd4 29.Rxd4 Nxe5 30.Bxe5 fxe5 $11 1/2-1/2

[Event "56th World U20 ch"]
[Site "Tarvisio ITA"]
[Date "2017.11.22"]
[Round "9.12"]
[White "Liang, Awonder"]
[Black "Kobo, Ori"]
[Result "1/2-1/2"]
[WhiteElo "2558"]
[BlackElo "2460"]
[EventDate "2017.11.13"]
[PlyCount "93"]

1.Nf3 d5 2.g3 g6 3.Bg2 Bg7 4.O-O e5 5.c4 dxc4 6.Qa4+ Nc6 7.Nxe5 Bxe5 8.
Bxc6+ bxc6 9.Qxc6+ Bd7 10.Qe4 f6 11.f4 Bf5 12.Qe3 Bh3 13.Rf3 Nh6 14.fxe5 
Ng4 15.Qc5 Nxe5 16.Re3 Kf7 17.Nc3 Qd6 18.Qxd6 cxd6 19.b3 Rab8 20.Re4 Be6 
21.bxc4 Nxc4 22.d3 Nb6 23.Nb5 Nc8 24.a4 Bd7 25.Rc4 Bxb5 26.Rc7+ Ke6 27.Rb1
a6 28.Rb4 f5 29.axb5 Rxb5 30.Ra4 a5 31.Bd2 Ne7 32.Rxa5 Rxa5 33.Bxa5 Rc8 
34.Rb7 Rc2 35.Kf2 Nc6 36.Rc7 Nd4 37.Rxc2 Nxc2 38.e3 Na3 39.Kf3 Nb5 40.Kf4 
Kf6 41.Bd8+ Kf7 42.Ba5 Kf6 43.h4 h6 44.Bd8+ Ke6 45.Ba5 Kf6 46.Bd8+ Ke6 47.
Ba5 1/2-1/2

[Event "56th World U20 ch"]
[Site "Tarvisio ITA"]
[Date "2017.11.22"]
[Round "9.13"]
[White "Zhao Yuanhe"]
[Black "Shevchenko, Kirill"]
[Result "1/2-1/2"]
[WhiteElo "2377"]
[BlackElo "2550"]
[EventDate "2017.11.13"]
[PlyCount "98"]

1.c4 Nf6 2.Nf3 b6 3.g3 Bb7 4.Bg2 g6 5.O-O Bg7 6.d4 O-O 7.Nc3 Ne4 8.Nxe4 
Bxe4 9.Bf4 c5 10.Be5 f6 11.Bf4 Qc8 12.Rc1 Qb7 13.Be3 cxd4 14.Qxd4 Na6 15.
Rfd1 Rfd8 16.Ne1 Nc5 17.Bxe4 Nxe4 18.Qd5+ Qxd5 19.cxd5 f5 20.f3 Nd6 21.Rc2
Rdc8 22.Rdc1 Rxc2 23.Rxc2 Rc8 24.Rxc8+ Nxc8 25.Nd3 Nd6 26.Kf2 Nc4 27.Bc1 
Kf7 28.b3 Nd6 29.a4 Nb7 30.Bd2 e6 31.dxe6+ dxe6 32.e4 Bd4+ 33.Ke2 Ke7 34.
h3 Kd7 35.Be3 Bc3 36.Bd2 Bd4 37.Be3 $11 Bg7 38.Bd2 Nd6 39.e5 Ne8 40.Ke3 
Nc7 41.Kd4 Nd5 42.Nb4 Ne7 43.Bg5 Bf8 44.Bxe7 Bxe7 45.Kc4 Bxb4 $11 46.Kxb4 
Kc6 47.Kc4 g5 48.f4 gxf4 49.gxf4 a6 $11 1/2-1/2

[Event "56th World U20 ch"]
[Site "Tarvisio ITA"]
[Date "2017.11.22"]
[Round "9.14"]
[White "Gagare, Shardul"]
[Black "Narayanan, Sunilduth Lyna"]
[Result "1-0"]
[WhiteElo "2482"]
[BlackElo "2585"]
[EventDate "2017.11.13"]
[PlyCount "83"]

1.Nf3 Nf6 2.c4 g6 3.b3 Bg7 4.Bb2 O-O 5.g3 d6 6.Bg2 e5 7.O-O Nc6 8.d3 Nh5 
9.Nc3 f5 10.a3 f4 11.b4 Bg4 12.Ne4 Qd7 13.Rc1 Rae8 14.Re1 Nd8 15.Qb3 Kh8 
16.a4 Nf7 17.b5 c5 18.bxc6 bxc6 19.Ba3 Rb8 20.Qc2 c5 21.Rb1 Qc7 22.Bb2 Bd7
23.Bc3 Bc6 24.a5 Rxb1 25.Rxb1 Rb8 26.Nfd2 Bd7 27.Rb3 Kg8 28.Qb2 Rxb3 29.
Qxb3 Kf8 30.Nb1 fxg3 31.hxg3 Nf6 $11 32.Na3 Ke7 33.Bd2 Nxe4 34.Bxe4 Bh6 
35.Bc3 Ng5 36.Qb7 Qxb7 37.Bxb7 Ne6 38.Nb5 Bxb5 39.cxb5 Kd8 40.b6 axb6 41.
a6 Nc7 42.a7 1-0

[Event "56th World U20 ch"]
[Site "Tarvisio ITA"]
[Date "2017.11.22"]
[Round "9.15"]
[White "Jarmula, Lukasz"]
[Black "Boruchovsky, Avital"]
[Result "1/2-1/2"]
[WhiteElo "2470"]
[BlackElo "2565"]
[EventDate "2017.11.13"]
[PlyCount "156"]

1.e4 e6 2.d4 d5 3.Nc3 Bb4 4.e5 c5 5.a3 Bxc3+ 6.bxc3 Ne7 7.Qg4 O-O 8.Bd3 f5
9.exf6 Rxf6 10.Bg5 Rf7 11.Qh5 g6 12.Qd1 Qa5 13.Qd2 Nbc6 14.Nf3 Bd7 15.h4 
cxd4 16.cxd4 Qxd2+ 17.Kxd2 Nf5 18.Ne5 Nxe5 19.dxe5 Ng7 20.f4 Nh5 21.g4 
Nxf4 22.h5 Nxd3 23.cxd3 gxh5 24.gxh5 Rc8 25.Bf6 Kf8 26.Rhg1 Bb5 27.Rab1 a6
28.Rg4 Ke8 29.Rbg1 Kd7 30.Rg8 Rxg8 31.Rxg8 d4 32.Rd8+ Kc7 33.Rh8 Kb6 34.h6
Ka5 35.Rd8 Ka4 36.Rd6 Rc7 37.Bd8 Rd7 38.Rxd7 Bxd7 39.Be7 Kb3 40.Bc5 b5 41.
Bb4 Bc6 42.Kc1 Be8 43.Kd2 Kb2 44.Kd1 Bc6 45.Kd2 Bd5 46.Kd1 Bb3+ 47.Kd2 Ba2
48.Bc5 Bb1 49.Bb4 Kb3 50.Bc5 a5 51.Bb6 b4 52.axb4 Kxb4 53.Bxd4 Kb3 54.Kc1 
Bxd3 55.Bb2 a4 56.Bd4 a3 57.Ba1 Bf5 58.Bd4 Bg6 59.Ba1 Bd3 60.Bd4 Kc4 61.
Ba1 Kd5 62.Bc3 Kc4 63.Ba1 Bg6 64.Kd2 Kd5 65.Bc3 Kc5 66.Ba1 Be4 67.Kc3 Bd5 
68.Kd3 Bb3 69.Bd4+ Kd5 70.Ba1 Ba4 71.Kc3 Kc5 72.Kd2 Kc4 73.Bc3 Be8 74.Ba1 
Kd5 75.Bc3 Ke4 76.Kc1 Bg6 77.Kc2 a2 78.Kb2 Kd3 1/2-1/2

[Event "56th World U20 ch"]
[Site "Tarvisio ITA"]
[Date "2017.11.22"]
[Round "9.16"]
[White "Ladva, Ottomar"]
[Black "Zanan, Evgeny"]
[Result "0-1"]
[WhiteElo "2543"]
[BlackElo "2471"]
[EventDate "2017.11.13"]
[PlyCount "80"]

1.d4 Nf6 2.Nf3 d5 3.Bf4 e6 4.e3 Bd6 5.Bg3 O-O 6.Nbd2 b6 7.Bd3 Bb7 8.O-O c5
9.c3 Qc7 10.Ne5 Nc6 11.f4 Ne7 12.Qb1 Ng6 13.Nxg6 fxg6 14.Bh4 c4 15.Bc2 b5 
16.Rf3 b4 17.Rh3 bxc3 18.bxc3 Bc6 19.Qe1 Rab8 20.Rb1 Rxb1 21.Bxb1 Qf7 22.
Bg5 Rb8 23.Qh4 h6 24.Bxf6 Qxf6 25.Qxf6 gxf6 26.Bxg6 Rb2 27.Nf3 Rxa2 28.Rg3
Kf8 29.Bh5 Be8 30.Bxe8 Kxe8 31.Rg7 a5 32.f5 exf5 33.Nh4 a4 34.Nxf5 Bf8 35.
Ra7 a3 36.h4 Rc2 37.h5 Rxc3 38.Kf2 Rb3 39.g4 Rb2+ 40.Kf3 c3 0-1

[Event "56th World U20 ch"]
[Site "Tarvisio ITA"]
[Date "2017.11.22"]
[Round "9.17"]
[White "Lobanov, Sergei"]
[Black "Sarana, Alexei"]
[Result "1/2-1/2"]
[WhiteElo "2435"]
[BlackElo "2543"]
[EventDate "2017.11.13"]
[PlyCount "62"]

1.e4 c5 2.Nf3 d6 3.d4 cxd4 4.Nxd4 Nf6 5.Nc3 a6 6.Be2 e5 7.Nb3 Be7 8.Be3 
Be6 9.Nd5 Nbd7 10.Qd3 O-O 11.O-O-O Bxd5 12.exd5 Rc8 13.Kb1 Nb6 14.Bf3 Nc4 
15.Bc1 Nd7 16.Be4 g6 17.g4 Bh4 18.Rdg1 Nf6 19.f3 b5 20.Rg2 a5 21.Nd2 Bg5 
22.h4 Bxd2 23.Bxd2 Nxd2+ 24.Rxd2 Rc4 25.Qe3 Nd7 26.h5 g5 27.h6 Kh8 28.b3 
Rc5 29.Bf5 Rg8 30.Rh5 f6 31.Rh1 b4 $11 1/2-1/2

[Event "56th World U20 ch"]
[Site "Tarvisio ITA"]
[Date "2017.11.22"]
[Round "9.18"]
[White "Moroni, Luca jr"]
[Black "Petrov, Martin"]
[Result "1-0"]
[WhiteElo "2506"]
[BlackElo "2431"]
[EventDate "2017.11.13"]
[PlyCount "117"]

1.d4 Nf6 2.Nf3 e6 3.Bf4 d5 4.e3 Bd6 5.Bg3 O-O 6.Nbd2 c5 7.c3 Nc6 8.Bb5 a6 
9.Bxc6 bxc6 10.Qa4 cxd4 11.cxd4 Rb8 12.Qc2 a5 13.O-O Bxg3 14.hxg3 Qb6 15.
Rab1 Ba6 16.Rfc1 Nd7 17.Nb3 Rfc8 18.Qd2 a4 19.Nc5 Nxc5 20.Rxc5 f6 21.Qc2 
Bc4 22.b4 axb3 23.axb3 Qb4 24.g4 Bxb3 25.Qc1 Qa4 26.Ra1 Qb4 27.Nd2 Bc4 28.
Nxc4 dxc4 29.Rxc4 Qb7 30.Rc5 h6 31.Qc4 Qd7 32.Ra6 Rb1+ 33.Kh2 Rb2 34.f4 
Kf7 35.Raxc6 Rxc6 36.Rxc6 Qd5 37.Rc7+ Kf8 38.Qxd5 exd5 39.Kg3 Rb3 40.Kf3 
Rb8 41.g3 Re8 42.Rb7 Rd8 43.Ra7 Rb8 44.Rc7 Ra8 45.Rb7 Rd8 46.e4 dxe4+ 47.
Kxe4 Re8+ 48.Kf5 Re3 49.Rb8+ Kf7 50.Rb7+ Kf8 51.d5 Rxg3 52.d6 Rd3 53.Ke6 
Re3+ 54.Kd7 f5 55.gxf5 Rd3 56.f6 gxf6 57.Ke6 Re3+ 58.Kxf6 Ke8 59.Re7+ 1-0

[Event "56th World U20 ch"]
[Site "Tarvisio ITA"]
[Date "2017.11.22"]
[Round "9.19"]
[White "Gholami, Aryan"]
[Black "Macovei, Andrei"]
[Result "1-0"]
[WhiteElo "2483"]
[BlackElo "2343"]
[EventDate "2017.11.13"]
[PlyCount "65"]

1.d4 Nf6 2.Nf3 e6 3.Bf4 d5 4.e3 c5 5.c3 Nc6 6.Nbd2 cxd4 7.exd4 Nh5 8.Be3 
Bd6 9.Ne5 g6 10.g4 Ng7 11.Bb5 Qc7 12.h4 f6 13.Nd3 e5 14.dxe5 fxe5 15.c4 
Be6 16.Rc1 a6 17.Ba4 dxc4 18.Nxc4 Bxc4 19.Rxc4 b5 20.Rc3 e4 21.Bb3 exd3 
22.O-O b4 23.Rxd3 O-O-O 24.Qe2 Kb8 25.Rc1 Rhe8 26.Rdd1 Bh2+ 27.Kh1 Rxd1+ 
28.Bxd1 Bf4 29.Qf3 Bxe3 30.Rxc6 Qb7 31.fxe3 Rxe3 32.Qf4+ Ka8 33.Qxe3 1-0

[Event "56th World U20 ch"]
[Site "Tarvisio ITA"]
[Date "2017.11.22"]
[Round "9.20"]
[White "Rakotomaharo, Fy Antenaina"]
[Black "Donchenko, Alexander"]
[Result "0-1"]
[WhiteElo "2414"]
[BlackElo "2567"]
[EventDate "2017.11.13"]
[PlyCount "116"]

1.d4 Nf6 2.c4 e6 3.Nc3 Bb4 4.e3 O-O 5.Nf3 c5 6.Bd3 Nc6 7.O-O Bxc3 8.bxc3 
d6 9.Nd2 e5 10.Ne4 Bf5 11.Nxf6+ Qxf6 12.e4 Bd7 13.d5 Ne7 14.a4 Ng6 15.Re1 
Rae8 16.Rb1 Bc8 17.g3 Qd8 18.h4 Ne7 19.Kg2 b6 20.h5 f5 21.f4 fxe4 22.Bxe4 
Qd7 23.Rh1 Nf5 24.Qd3 Nxg3 25.Bxh7+ Kh8 26.Qxg3 Kxh7 27.fxe5 Rxe5 28.Bf4 
Re2+ 29.Kg1 Qf5 30.Qg6+ Kg8 31.Rf1 Qxg6+ 32.hxg6 Rf6 33.Rh2 Rxg6+ 34.Kh1 
Re4 35.Rhf2 Rxc4 36.Bh2 Bb7 37.Rf8+ Kh7 38.R1f5 Rxc3 39.Rh5+ Rh6 40.Rxh6+ 
Kxh6 41.Bxd6 Bxd5+ 42.Kh2 Ra3 43.Rd8 Rxa4 44.Bb8 Be4 45.Rd7 Bf5 46.Rc7 a6 
47.Ba7 b5 48.Bxc5 g5 49.Be3 Re4 50.Bf2 Kh5 51.Kg3 Rc4 52.Ra7 Rc3+ 53.Kh2 
Rc6 54.Kg3 b4 55.Bd4 b3 56.Rb7 Rd6 57.Be5 Rd5 58.Bf6 Rb5 0-1

[Event "56th World U20 ch"]
[Site "Tarvisio ITA"]
[Date "2017.11.22"]
[Round "9.21"]
[White "Sanal, Vahap"]
[Black "Keymer, Vincent"]
[Result "1-0"]
[WhiteElo "2557"]
[BlackElo "2405"]
[EventDate "2017.11.13"]
[PlyCount "95"]

1.Nf3 d5 2.g3 c6 3.Bg2 Nf6 4.d3 Bg4 5.Nbd2 Nbd7 6.O-O e5 7.h3 Bh5 8.g4 Bg6
9.Nh4 Nc5 10.e3 Nfd7 11.Nxg6 hxg6 12.c4 Nxd3 13.cxd5 cxd5 14.Bxd5 N7c5 15.
Bg2 Qd7 16.Ne4 f5 17.Nxc5 Bxc5 18.Bd2 e4 19.Bc3 O-O-O 20.Qe2 Kb8 21.Rfd1 
Qe7 22.Rd2 Rd7 23.Rad1 Rhd8 24.Kf1 Qf7 25.a3 a6 26.f3 f4 27.Bd4 fxe3 28.
Bxe3 Bd6 29.Kg1 Nf4 30.Qf2 Nd3 31.Qe2 Nf4 32.Qf2 Nd3 33.Qf1 Qb3 34.Qe2 Bf4
35.fxe4 g5 36.Qf3 Ka8 37.Bxf4 gxf4 38.Kh2 Qc4 39.b3 Qxb3 40.e5 g5 41.e6 
Qxe6 42.Rxd3 Ka7 43.Rxd7 Rxd7 44.Rxd7 Qxd7 45.h4 gxh4 46.g5 Qe7 47.g6 Qg7 
48.Qxb7+ 1-0

[Event "56th World U20 ch"]
[Site "Tarvisio ITA"]
[Date "2017.11.22"]
[Round "9.22"]
[White "Zhu Yi"]
[Black "Yuffa, Daniil"]
[Result "0-1"]
[WhiteElo "2432"]
[BlackElo "2527"]
[EventDate "2017.11.13"]
[PlyCount "46"]

1.Nf3 Nf6 2.g3 g6 3.d4 Bg7 4.Bg2 O-O 5.c4 c5 6.Nc3 Nc6 7.O-O cxd4 8.Nxd4 
Qa5 9.Nc2 d6 10.Bd2 Qh5 11.e4 Ng4 12.h3 Nge5 13.g4 Qh4 14.Qe2 Bxg4 15.hxg4
Nxg4 16.Bf4 Be5 17.Bxe5 Ncxe5 18.Rfd1 f5 19.Rd5 fxe4 20.Nxe4 Rf4 21.Ne3 
Qh2+ 22.Kf1 Raf8 23.Nxg4 Rxg4 0-1

[Event "56th World U20 ch"]
[Site "Tarvisio ITA"]
[Date "2017.11.22"]
[Round "9.23"]
[White "Bellahcene, Bilel"]
[Black "Bersamina, Paulo"]
[Result "1-0"]
[WhiteElo "2510"]
[BlackElo "2404"]
[EventDate "2017.11.13"]
[PlyCount "98"]

1.e4 c5 2.Be2 Nc6 3.f4 d5 4.d3 g6 5.Nf3 Bg7 6.O-O e6 7.c3 Nge7 8.Na3 O-O 
9.Qe1 a6 10.Be3 b6 11.Nc2 Rb8 12.Rd1 Qc7 13.Qh4 f5 14.e5 h6 15.Kh1 a5 16.
d4 c4 17.Bc1 b5 18.Ne3 b4 19.g4 a4 20.Rg1 a3 21.bxa3 b3 22.Rd2 Qa5 23.axb3
Rxb3 24.Rc2 Rxc3 25.Bd2 Rxc2 26.Bxa5 Rxe2 27.Bd2 Bd7 28.gxf5 Rxe3 29.Bxe3 
Nxf5 30.Qf2 Ra8 31.Bc1 Be8 32.Bb2 Rb8 33.Ra1 Rb3 34.a4 Nb4 35.Ne1 c3 36.
Bc1 Bf8 37.Ra3 Rxa3 38.Bxa3 Bxa4 39.Bxb4 Bxb4 40.Qa2 Be8 41.Qb3 Be7 42.
Qxc3 g5 43.Ng2 g4 44.h3 h5 45.Kg1 Bg6 46.Ne1 Nh4 47.Kf2 Kf7 48.Ke2 Be4 49.
hxg4 hxg4 {... 72 moves} 1-0

[Event "56th World U20 ch"]
[Site "Tarvisio ITA"]
[Date "2017.11.22"]
[Round "9.24"]
[White "Tin Jingyao"]
[Black "Li Di"]
[Result "1/2-1/2"]
[WhiteElo "2404"]
[BlackElo "2479"]
[EventDate "2017.11.13"]
[PlyCount "107"]

1.d4 Nf6 2.c4 e6 3.Nc3 d5 4.Nf3 Nbd7 5.Bf4 dxc4 6.e4 a6 7.Bxc4 b5 8.Bd3 
Bb7 9.Qe2 c5 10.d5 c4 11.Bc2 exd5 12.exd5+ Qe7 13.Be3 Nxd5 14.Nxd5 Bxd5 
15.O-O-O Nf6 16.Qe1 g6 17.Bd4 Be6 18.Qe5 Bg7 19.Bc5 Nh5 20.Qe4 Qxc5 21.
Qxa8+ Ke7 22.Qb7+ Kf6 23.Kb1 c3 24.Qe4 Ke7 25.Nd4 Bxd4 26.Qxd4 Rc8 27.Rhe1
cxb2 28.Bb3 Qxd4 29.Rxd4 Ng7 30.Kxb2 h5 31.Re2 Nf5 32.Rde4 Rc6 33.Bxe6 
fxe6 34.f3 g5 35.g4 hxg4 36.fxg4 Nh4 37.Rf2 Ng6 38.Rf5 Nf4 39.Kb3 Nd3 40.
Rxg5 Nc5+ 41.Rxc5 Rxc5 42.h4 Kf6 43.g5+ Kf5 44.Re1 Rc8 45.g6 Kxg6 46.Rxe6+
Kf7 47.Rxa6 Rh8 48.Kb4 Rxh4+ 49.Kxb5 Ke7 50.Kc6 Rc4+ 51.Kb7 Kd7 52.Rb6 
Rc7+ 53.Ka6 Rc6 54.Rxc6 1/2-1/2

[Event "56th World U20 ch"]
[Site "Tarvisio ITA"]
[Date "2017.11.22"]
[Round "9.26"]
[White "Tutisani, Noe"]
[Black "Livaic, Leon"]
[Result "0-1"]
[WhiteElo "2361"]
[BlackElo "2470"]
[EventDate "2017.11.13"]
[PlyCount "82"]

1.e4 e6 2.d4 d5 3.Nc3 Bb4 4.e5 c5 5.a3 Bxc3+ 6.bxc3 Qa5 7.Bd2 Qa4 8.Qg4 
Kf8 9.Nf3 Ne7 10.h3 c4 11.Be2 Qxc2 12.Rc1 Qa4 13.O-O Nbc6 14.Bd1 Qxa3 15.
Bc2 h6 16.Ra1 Qb2 17.Rfc1 Qb6 18.Nh4 Qd8 19.Qh5 b5 20.g4 b4 21.Bb1 bxc3 
22.Be3 Ke8 23.Rxc3 g6 24.Nxg6 fxg6 25.Bxg6+ Nxg6 26.Qxg6+ Kd7 27.Qg7+ Ne7 
28.Bxh6 Qg8 29.Qf6 Rh7 30.Rf3 Bb7 31.Bc1 Qg6 32.Qxg6 Nxg6 33.Rfa3 a6 34.
Rb1 Kc7 35.Bd2 Rf8 36.Bb4 Rfh8 37.Bd6+ Kc8 38.Ra5 Nf4 39.Rb6 Rxh3 40.Rc5+ 
Kd8 41.Bc7+ Ke8 0-1

[Event "56th World U20 ch"]
[Site "Tarvisio ITA"]
[Date "2017.11.22"]
[Round "9.27"]
[White "Sosa, Tomas"]
[Black "Bakhmatsky, Vladislav"]
[Result "1/2-1/2"]
[WhiteElo "2469"]
[BlackElo "2404"]
[EventDate "2017.11.13"]
[PlyCount "60"]

1.e4 c5 2.Nf3 d6 3.d4 cxd4 4.Nxd4 Nf6 5.Nc3 a6 6.h3 e5 7.Nde2 b5 8.Bg5 
Nbd7 9.Nd5 Bb7 10.Nec3 Be7 11.Bxf6 Bxf6 12.Be2 O-O 13.O-O Nb6 14.Qd3 Rc8 
15.Ne3 b4 16.Ncd5 Nxd5 17.exd5 Rc5 18.Qb3 Qb8 19.Qxb4 Bxd5 20.Qxb8 Rxb8 
21.Rfd1 Be6 22.Rxd6 Rxb2 23.Rxa6 Rb8 24.c4 Bg5 25.Nd5 g6 26.Rd1 Rb2 27.Bf1
Kg7 28.a4 Bd2 29.Ra7 e4 30.Nc7 Rc6 $11 1/2-1/2

[Event "56th World U20 ch"]
[Site "Tarvisio ITA"]
[Date "2017.11.22"]
[Round "9.28"]
[White "Christiansen, Johan-Sebastian"]
[Black "Makhnev, Denis"]
[Result "1-0"]
[WhiteElo "2468"]
[BlackElo "2379"]
[EventDate "2017.11.13"]
[PlyCount "49"]

1.e4 e5 2.Nf3 Nc6 3.d4 exd4 4.Nxd4 Nf6 5.Nxc6 bxc6 6.e5 Qe7 7.Qe2 Nd5 8.c4
Nb6 9.Nc3 Qe6 10.Qe4 g6 11.Bd2 Bg7 12.c5 Nd5 13.Bc4 Bb7 14.O-O O-O 15.Rfe1
Rfe8 16.Bf4 d6 17.cxd6 cxd6 18.exd6 Bxc3 19.Bxd5 Qxe4 20.Rxe4 Bxb2 21.Rae1
Rxe4 22.Bxe4 Bd4 23.d7 Bb6 24.Bh6 Rd8 25.Bd5 1-0

[Event "56th World U20 ch"]
[Site "Tarvisio ITA"]
[Date "2017.11.22"]
[Round "9.29"]
[White "Sidhant, Mohapatra"]
[Black "Bilguun, Sumiya"]
[Result "0-1"]
[WhiteElo "2371"]
[BlackElo "2460"]
[EventDate "2017.11.13"]
[PlyCount "74"]

1.e4 c5 2.Nf3 e6 3.d4 cxd4 4.Nxd4 a6 5.Be2 Nf6 6.Nc3 d6 7.O-O Nbd7 8.f4 b5
9.Bf3 Bb7 10.e5 Bxf3 11.Nxf3 Ng4 12.Qe2 Qb6+ 13.Kh1 b4 14.Nd1 d5 15.Ne3 
Nxe3 16.Bxe3 Bc5 17.Bd2 Qb5 18.Qxb5 axb5 19.Ne1 Bd4 20.Nd3 Nc5 21.Bxb4 
Nxd3 22.cxd3 Bxb2 23.Rab1 Ba3 24.f5 Bxb4 25.Rxb4 O-O 26.Rxb5 Rxa2 27.h3 
Rd2 28.Rf3 exf5 29.Rxd5 g6 30.Rd6 Rc8 31.Rg3 Rc1+ 32.Kh2 Rf1 33.Rf6 Kg7 
34.h4 h5 35.Re3 f4 36.e6 Kxf6 37.e7 Rdd1 0-1

[Event "56th World U20 ch"]
[Site "Tarvisio ITA"]
[Date "2017.11.22"]
[Round "9.30"]
[White "Harsha, Bharathakoti"]
[Black "Saiyn, Zhanat"]
[Result "1/2-1/2"]
[WhiteElo "2445"]
[BlackElo "2374"]
[EventDate "2017.11.13"]
[PlyCount "62"]

1.d4 Nf6 2.c4 e6 3.Nf3 d5 4.g3 Bb4+ 5.Bd2 Be7 6.Bg2 O-O 7.O-O c6 8.Na3 Ne4
9.Bf4 Nd7 10.Qc2 f5 11.Rad1 Qa5 12.Ne5 Nxe5 13.Bxe5 Bd7 14.f3 Nd6 15.Qb3 
b5 16.Bxd6 Bxd6 17.c5 Be7 18.f4 Rf7 19.Rf2 Rf6 20.Rff1 Rf7 21.Rf2 Rf6 22.
Rff1 Rf7 23.Rf2 Rf6 24.Rff1 Rf7 25.Rf2 Rf6 26.Rff1 Rf7 27.Rf2 Rf6 28.Rff1 
Rf7 29.Rf2 Rf6 30.Rff1 Rf7 31.Rf2 Rf6 1/2-1/2

[Event "56th World U20 ch"]
[Site "Tarvisio ITA"]
[Date "2017.11.22"]
[Round "9.31"]
[White "Xu Yining"]
[Black "Van Foreest, Lucas"]
[Result "0-1"]
[WhiteElo "2321"]
[BlackElo "2474"]
[EventDate "2017.11.13"]
[PlyCount "74"]

1.e4 e5 2.Nf3 Nc6 3.Bb5 a6 4.Ba4 d6 5.O-O Bd7 6.c4 g6 7.d4 Bg7 8.Be3 Nf6 
9.d5 Ne7 10.Nc3 O-O 11.Bxd7 Nxd7 12.b4 h6 13.Nd2 f5 14.f3 Nf6 15.c5 f4 16.
Bf2 g5 17.a4 h5 18.Nc4 Ng6 19.b5 g4 20.b6 cxb6 21.Nxd6 g3 22.hxg3 fxg3 23.
Bxg3 h4 24.Be1 Nh5 25.Nf5 Qg5 26.Ne2 bxc5 27.Ra2 Kh8 28.Qd2 Rxf5 29.exf5 
Ngf4 30.Nc3 Bh6 31.Ne4 Qxf5 32.Qc3 Rg8 33.Bxh4 Nxd5 34.Qc4 Be3+ 35.Kh2 
Qf4+ 36.Kh3 Ng3 37.Qxd5 Qf5+ 0-1

[Event "56th World U20 ch"]
[Site "Tarvisio ITA"]
[Date "2017.11.22"]
[Round "9.32"]
[White "Morozov, Nichita"]
[Black "Batsuren, Dambasuren"]
[Result "1/2-1/2"]
[WhiteElo "2467"]
[BlackElo "2352"]
[EventDate "2017.11.13"]
[PlyCount "150"]

1.c4 Nf6 2.Nc3 e6 3.e4 d5 4.e5 d4 5.exf6 dxc3 6.bxc3 Qxf6 7.d4 b6 8.Be2 
Bb7 9.Bf3 Bxf3 10.Nxf3 Bd6 11.Qa4+ c6 12.O-O O-O 13.Be3 Qe7 14.Rab1 Nd7 
15.Qxc6 Rfc8 16.Qa4 e5 17.c5 bxc5 18.Rb7 Rc7 19.Rxc7 Bxc7 20.Qc6 Rc8 21.
Qb7 Qe8 22.dxc5 Nb8 23.Qxa7 f5 24.Qb7 Nc6 25.Ng5 h6 26.Qb3+ Kh8 27.Nf7+ 
Kh7 28.Nd6 Bxd6 29.cxd6 f4 30.Qd5 Nb8 31.Bd2 Nd7 32.Re1 Qg6 33.c4 Rc5 34.
Qe4 Qxe4 35.Rxe4 Nf6 36.Re2 Rxc4 37.Rxe5 Rd4 38.Re2 Ne4 39.Be1 Nxd6 40.f3 
Nc4 41.h4 Ne3 42.Bf2 Ra4 43.h5 Nd5 44.Bh4 Nc3 45.Re7 Kg8 46.Be1 Nd5 47.Re5
Ne3 48.Ra5 Rc4 49.Bd2 Rc2 50.Bxe3 fxe3 51.Re5 Rxa2 52.Rxe3 Ra5 53.g4 Ra2 
54.Kf1 Kf7 55.Re2 Ra3 56.Kf2 Kf6 57.Rb2 Rc3 58.Rb6+ Kf7 59.Kg3 Rc4 60.Rb5 
Ra4 61.Rf5+ Kg8 62.Rf4 Ra3 63.Re4 Kf7 64.Kf4 Kf6 65.Rb4 Ra6 66.Kg3 Kf7 67.
Rf4+ Kg8 68.Rf5 Ra4 69.g5 hxg5 70.Rxg5 Kf7 71.Rf5+ Kg8 72.Rf4 Ra1 73.Kg4 
Rg1+ 74.Kf5 Kh7 75.Rg4 Ra1 1/2-1/2

[Event "56th World U20 ch"]
[Site "Tarvisio ITA"]
[Date "2017.11.22"]
[Round "9.33"]
[White "Schoppen, Casper"]
[Black "Zuo Yifan"]
[Result "1/2-1/2"]
[WhiteElo "2432"]
[BlackElo "2346"]
[EventDate "2017.11.13"]
[PlyCount "76"]

1.d4 Nf6 2.c4 e6 3.Nf3 Bb4+ 4.Nbd2 c5 5.a3 Bxd2+ 6.Qxd2 cxd4 7.Nxd4 O-O 8.
e3 b6 9.Be2 Bb7 10.O-O Nc6 11.Nxc6 dxc6 12.Qc3 c5 13.f3 Qc7 14.b3 Rfd8 15.
Bb2 Rd7 16.Rfd1 Rad8 17.Rxd7 Rxd7 18.Qc2 Qd8 19.Bc3 Ne8 20.Rd1 Rxd1+ 21.
Bxd1 f6 22.Be2 g6 23.b4 Qd7 24.Qb2 Kf7 25.Kf2 e5 26.bxc5 bxc5 27.Qb5 Qc6 
28.Qb3 Nd6 29.a4 Qb6 30.Qc2 Ba6 31.a5 Qb7 32.Qa4 Ke7 33.h4 Qd7 34.Qb3 Qb7 
35.Qa2 Qc8 36.Qb3 Qb7 37.Qa2 Qc8 38.Qb3 Qb7 1/2-1/2

[Event "56th World U20 ch"]
[Site "Tarvisio ITA"]
[Date "2017.11.22"]
[Round "9.34"]
[White "Vykouk, Jan"]
[Black "Villegas, Franco"]
[Result "0-1"]
[WhiteElo "2430"]
[BlackElo "2328"]
[EventDate "2017.11.13"]
[PlyCount "66"]

1.e4 c5 2.Nf3 e6 3.d4 cxd4 4.Nxd4 Nf6 5.Nc3 d6 6.g4 a6 7.g5 Nfd7 8.Be3 b5 
9.Qd2 Bb7 10.a3 Nc6 11.Nxc6 Bxc6 12.O-O-O Qc7 13.f4 Qb7 14.Bg2 a5 15.b4 
axb4 16.axb4 g6 17.Kb2 Nb6 18.Bxb6 Qxb6 19.e5 Bxg2 20.Qxg2 d5 21.Rxd5 Qa7 
22.Nxb5 Qa2+ 23.Kc1 exd5 24.Nc7+ Kd7 25.Nxd5 Qa1+ 26.Kd2 Qd4+ 27.Ke2 Qc4+ 
28.Ke3 Bc5+ 29.bxc5 Qxc5+ 30.Kd2 Rhd8 31.Rd1 Kc6 32.Ke2 Qxc2+ 33.Rd2 Qxd2+
0-1

[Event "56th World U20 ch"]
[Site "Tarvisio ITA"]
[Date "2017.11.22"]
[Round "9.35"]
[White "Urazayev, Arystanbek"]
[Black "Gomez Sanchez, Jorge Marcos"]
[Result "0-1"]
[WhiteElo "2349"]
[BlackElo "2426"]
[EventDate "2017.11.13"]
[PlyCount "84"]

1.e4 c5 2.Nf3 Nc6 3.d4 cxd4 4.Nxd4 g6 5.c4 Nf6 6.Nc3 d6 7.Be2 Nxd4 8.Qxd4 
Bg7 9.Be3 O-O 10.Qd2 Be6 11.O-O a5 12.Rad1 Nd7 13.f4 Nc5 14.e5 Qc8 15.exd6
Bxc3 16.Qxc3 Ne4 17.Qc1 Nxd6 18.b3 a4 19.Bf3 axb3 20.axb3 Bg4 21.Qb2 Bxf3 
22.Rxf3 Qc6 23.Qe5 Nf5 24.Bf2 Ra2 25.Rfd3 f6 26.Qd5+ Qxd5 27.Rxd5 Rb2 28.
R5d3 Ra8 29.g4 Raa2 30.Rf3 Nd6 31.Re1 f5 32.gxf5 gxf5 33.Rxe7 Ne4 34.Rd3 
Rb1+ 35.Kg2 Rxf2+ 36.Kh3 Rd2 37.Rxd2 Nxd2 38.Kh4 Nf3+ 39.Kg3 Rxb3 40.c5 
Ne5+ 41.Kf2 Ng6 42.Rc7 Nxf4 0-1